000 00602nam a2200205 a 4500
001 19617
003 CO-ViMGA
008 141112s2004 ck r 000 u spa d
020 _a8449412528
040 _aCO-ViMGA
_bspa
_cCO-ViMGA
082 0 4 _a780.9 M853
100 1 _aGispart, Carlos
_928364
245 1 0 _aEl Mundo de la Música :
_bGrandes autores y grandes obras
260 _aBarcelona :
_boceano; 2002
300 _a412 p. + CD Rom
590 _aForma de adquisición : Premio Mincultura
650 1 4 _aCOMPOSITORES - BIOGRAFIAS
_928365
650 1 4 _aMUSICA - HISTORIA
_928366
942 _2ddc
_cBK
999 _c28755
_d28755